MDQL
is popping MORE tags! Check the
thread
!
Quizzes
Events
Quiz Creation
Community
Videos
Private Events
Remove Ads
Sign In
Join for FREE
Feedback
Dark Mode
Quiz Categories
Sports
Geography
Music
Movies
Television
Just For Fun
Miscellaneous
History
Literature
Language
Science
Gaming
Entertainment
Religion
Holiday
For Kids
Quiz Lab
Recent
Popular Today
Quiz Kudos Today
Editor Picks
Curator Picks
Quizzes by...
Day
Popularity
Type
Ratings
Length
Year
Community
Subscriptions
Recent Discussions
Orange Saloon
Badges
Playlists
Quests
Create
Leaderboards
Showdown
Live 5
Trivia Bingo
Activity
Puzzle Library
Sporcle Events
Private Events
Virtual Trivia
Globe League
Become a Host
Pub Owners
SporcleCon
Opinionation
Our Games
Videos
Blog
Mobile Apps
Partnerships
Remove Ads and Go Orange
Feedback
Entertainment
Celebrity
Famous
Musical
Broadway
Show
Quote
Comic Books
Anime
Superhero
DC Comics
Marvel
Cartoons
Animation
Entertainment
Celebrity
Famous
Musical
Broadway
Show
Quote
Comic Books
Anime
Superhero
DC Comics
Marvel
Cartoons
Animation
Random Quiz
Search Sporcle
×
Quiz Lab
Quiz Lab
Entertainment
Synonym
Type in answers that appear in a list
Type in answers that appear in a list
Classic
Best Score? Go Orange.
Children's Characters in Other Words Stats
Can you name the children's characters based on (sometimes loose) synonyms for their names?
By
Shanamah
8m
20 Questions
240 Plays
240 Plays
240 Plays
Comments
Comments
Give Quiz Kudos
Give Quiz Kudos
-
- Ratings
hide this ad
More Info
Replay
Link that replays current quiz
Next Quiz
Link to next quiz in quiz playlist
You Got
0%
They Got
Avg Score
52%
Avg Friend Score
Upgrade to see
Score Distribution
Jump to the score distribution portion of the page
Score
0/20
Timer
08:00
0
Plays Today
Clue
Name
% Correct
Greetings Feline
Hello Kitty
89.2%
Small Horse Belonging to Me
My Little Pony
88.3%
Red Fruit Smallpastry
Strawberry Shortcake
83.3%
Large Avian
Big Bird
81.7%
Arachnidguy
Spiderman
81.7%
Azure
Blue
80%
Float the Constructor
Bob the Builder
72.9%
Spoiled Kidz
Bratz
72.9%
Moistenwobble Rectangletrousers
Spongebob
65.8%
Slumbering Pulchritude
Sleeping Beauty
63.3%
Clue
Name
% Correct
The Extremely Famished Larva
The Very Hungry Caterpillar
62.5%
Baby Hog
Piglet
50%
Hum 5.88 Trillion Miles
Buzz Lightyear
32.9%
Ridged Cotton Fabric
Corduroy
30%
Zenith and Red Gem
Max and Ruby
28.8%
Concern Bruins
Care Bears
26.3%
Dabblechime
Tinkerbell
13.3%
Awe Tamed Animals
Wonder Pets
12.5%
Uber For What!
Super WHY!
9.6%
Bow the Edible Nightshade
Bob the Tomato
6.3%
Quiz Playlist
Details
Report
Send in Message
Add To Playlist
More Info:
There are no proper names in this quiz, except where the name is a homograph of another word. Synonyms are sometimes a bit imprecise. ;)
Classic:
Type in answers that appear in a list
Last Updated: Feb 16, 2017
Quiz Scoreboard
CHALLENGE
Sign Up to Join the Scoreboard
Show All
Scores
Hide
Comments
May contain spoilers
Recently Published
1-10 Letter E Words III
by El_Dandy
Language
2m
Street Fighter Characters
by Artimus82
Gaming
60s
College Basketball Coaching Resumes
by pancakes188
Sports
9m
More to Explore
Quiz From the Vault
Featured Blog Post
Where Did the Easter Bunny Come From?
hide this ad
You Might Also Like...
Tags
Character
Children
loose
sometime
Synonym
Today's Top Quizzes in Entertainment
Browse Entertainment
hide this ad
Today's Top Quizzes in Synonym
Browse Synonym
Top Contributed Quizzes in Entertainment
1
7-to-1: DC Comics Villains
2
Marvel Characters Bunker
3
Dragon Ball Z: Goku's Fights in Order
4
Eurovision 2023 Logic Puzzle
5
Sorting Pictures: Villains
6
Criteria Quickie: Cartoon Taxonomy II
7
7-to-1: One Piece
8
One Piece Characters Order of Appearance
9
Mini Trivia Sudoku: Musicals
10
Kamen Rider Motifs
Explore More
Trending Topics
Marvel
Disney
NBA
Kpop
Crossword
Anime
Harry Potter
WWE
Puzzle
The Office
Pokémon
Country
Soccer
Song
NFL
hide this ad
More By:
Shanamah
Quiz
Plays
Rating
Category
Featured
Created
Triple Homophones
119,916
4.39
Language
Jan 26, 2010
Add a 'C'
88,032
4.02
Language
Jan 20, 2010
Same Spelling, Different Language
85,736
4.07
Language
Dec 3, 2009
Add a 'W'
73,778
3.82
Language
Feb 12, 2010
Add an 'N'
1,073
4.29
Language
Feb 6, 2010
Go to Creator's Profile
Score Distribution
Quiz Creator Spotlight
Shanamah
Follow
Send a Message
Quizzes Created
-
Created Quiz Play Count
-
More By This Creator
Popular Quizzes Today
1
Find the US States - No Outlines Minefield
2
Find the Countries of Europe - No Outlines Minefield
3
The Countries of the World
4
Find the US States
5
Risky Map Clicking: Biggest States A-Z
6
US States
7
Popular People in 1961
8
Movies - When Are They Set?
More Entertainment Quizzes
Name the Broadway Show by Leading Man
Curator's Pick
Trending Quizzes
Risky Map Clicking: Least Populous States A-Z
USA Borders Longest to Shortest
1-10 Letter G Words
1-10 Letter F Words
Countries of the World: 200 Million BC
Recently Updated
Leaping Animals
pecheneg
Reality TV Shows (A-Z)
bhenderson79
Rickey Henderson's Hall of Fame Teammates
pecheneg
Champions League XIs: Arsenal
pecheneg
Quick Pick: Celebrities in WWE's Hall of Fame
aduchscher
A-Z Keypad Blitz II
pecheneg
Multiple Oscar Actors
pecheneg
Mystery Phrase Blitz: Oscar 'Best Actors'
pecheneg
F. Scott Fitzgerald Novels
LTH
Pick 3 Villains
ddd62291
Trending Topics
Crossword
NBA
Disney
Harry Potter
Anime
Marvel
Kpop
WWE
Pokémon
NFL
The Office
Puzzle
Song
Country
Soccer
Your Account Isn't Verified!
In order to create a playlist on Sporcle, you need to verify the email address you used during registration. Go to your
Sporcle Settings
to finish the process.
Report this User
Report this user for behavior that violates our
Community Guidelines
.
Details:
Send Report
Go to the Sporcle.com Mobile Site →
Comments